000 00754nam a2200217Ii 4500
003 JO-AjNU
008 230605s9999||||xx |||||||||||||| ||und||
017 _a1998/5/748
040 _aJO-AjNU
_bara
_erda
_cJO-AjNU
041 _aara
050 1 4 _aHD58.7.M33.2004
100 3 _aالمغربي، كامل محمد,
_eauthor
_942453
245 0 0 _aالسلوك التنظيمي:مفاهيم واسس سلوك الفرد والجماعة في التنظيم
250 _aط3
264 3 1 _aعمان:دار الفكر ناشرون وموزعون،2010
300 _a357ص
336 _atext
_btxt
_2rdacontent
337 _aunmediated
_bn
_2rdamedia
338 _avolume
_bnc
_2rdacarrier
650 4 _aادارة اعمال- سلوك تنظيمي
_942454
999 _aA18179
_c21747
_d21747